000 00607nam a2200193Ia 4500
003 GCL
008 140319s9999 xx 000 0 ara d
040 _aGCL /
_cGCL
082 0 4 _a953.09
_bا ت
100 1 _aعدنان درويش
245 1 0 _aتاريخ ابن قاضى شهبة (المجلد الثانى والثالث) /
_cعدنان درويش
700 1 _aالاسدى الدمشقى
700 1 _aتقى الدين ابى بكر بن احمد
300 _aجزئين
490 _a100 قصة
_v0
650 0 4 _aالتاريخ الاسلامى
650 0 4 _aالتاريخ
942 _2ddc
_cBK
999 _c43428
_d43428